[Event "BLR-ch (Women)"]
[Site "Minsk"]
[Date "2019.06.06"]
[Round "8"]
[White "Malatsilava, Volha"]
[Black "Stashis, Anna"]
[Result "0-1"]
[WhiteElo "2031"]
[BlackElo "1902"]
[PlyCount "58"]
[EventDate "2019.05.30"]
[EventType "tourn"]
[EventRounds "9"]
[EventCountry "BLR"]
[SourceTitle "CBM 190 Extra"]
[Source "ChessBase"]
[SourceDate "2019.07.15"]
[SourceVersion "1"]
[SourceVersionDate "2019.07.15"]
[SourceQuality "1"]

1. e4 c5 2. Nf3 d6 3. d4 cxd4 4. Qxd4 Nc6 5. Bb5 Bd7 6. Bxc6 Bxc6 7. Nc3 h6 8. Be3 Nf6 9. h3 e5 10. Qd3 Be7 11. 0-0-0 a6 12. Qc4 Qc8 13. Qd3 b5 14. Nd2 Qb7 15. f3 b4 16. Ncb1 d5 17. exd5 Nxd5 18. Rde1 0-0 19. h4 Rac8 20. Qf5 Qc7 21. g4 b3 22. Nxb3 Nb4 23. Bc5 Nxa2+ 24. Kd2 Bxc5 25. Nxc5 Qa5+ 26. c3 Qxc5 27. Qxe5 Rcd8+ 28. Kc2 Nb4+ 29. Kb3 Bd5+ 0-1

[Event "BLR-ch (Women)"]
[Site "Minsk"]
[Date "2019.06.01"]
[Round "3"]
[White "Malatsilava, Volha"]
[Black "Ilyuchyk, Yana"]
[Result "1/2-1/2"]
[WhiteElo "2031"]
[BlackElo "2137"]
[PlyCount "115"]
[EventDate "2019.05.30"]
[EventType "tourn"]
[EventRounds "9"]
[EventCountry "BLR"]
[SourceTitle "CBM 190 Extra"]
[Source "ChessBase"]
[SourceDate "2019.07.15"]
[SourceVersion "1"]
[SourceVersionDate "2019.07.15"]
[SourceQuality "1"]

1. e4 c5 2. Nf3 Nc6 3. d4 cxd4 4. Nxd4 Nf6 5. Nc3 d6 6. Bg5 e6 7. Qd2 a6 8. f4 Bd7 9. 0-0-0 b5 10. Qe1 Qc7 11. Nxc6 Bxc6 12. Nd5 Bxd5 13. exd5 Rc8 14. c3 Be7 15. dxe6 d5 16. Kb1 Qc6 17. exf7+ Kxf7 18. Bd3 h6 19. Bh4 Rhe8 20. Bf5 Rc7 21. Bxf6 Bxf6 22. Qd2 Rd8 23. Qe3 Re7 24. Qf3 b4 25. cxb4 Qc4 26. Rhe1 Qxb4 27. Rxe7+ Kxe7 28. Qe2+ Kf8 29. Bg6 Rb8 30. Rd2 Qxf4 31. g3 Qg5 32. Qd3 Qe5 33. Qe2 Qd6 34. Qd3 Qc5 35. Qf1 Qc3 36. Qf2 Qc4 37. Qe2 Qc5 38. Qf1 a5 39. h4 a4 40. Qe1 a3 41. Re2 Qc6 42. b3 d4 43. Bd3 Qf3 44. Bc4 d3 45. Re3 Qg2 46. Qc1 Qb2+ 47. Qxb2 Bxb2 48. Bxd3 Rc8 49. Re1 Kf7 50. h5 Kf6 51. g4 Be5 52. Rf1+ Ke7 53. Bc4 Rd8 54. Re1 Kf6 55. Rf1+ Ke7 56. Re1 Kf6 57. Rf1+ Ke7 58. Re1 1/2-1/2

[Event "Wch U20 Girls 36th"]
[Site "Manavgat"]
[Date "2018.09.15"]
[Round "11"]
[White "Malatsilava, Volha"]
[Black "Nassr, Lina"]
[Result "1-0"]
[WhiteElo "2040"]
[BlackElo "1854"]
[PlyCount "123"]
[EventDate "2018.09.05"]
[EventType "swiss"]
[EventRounds "11"]
[EventCountry "TUR"]
[SourceTitle "CBM 186 Extra"]
[Source "ChessBase"]
[SourceDate "2018.08.24"]
[SourceVersion "1"]
[SourceVersionDate "2018.08.24"]
[SourceQuality "1"]

1. e4 c5 2. Nf3 e6 3. d4 cxd4 4. Nxd4 Nf6 5. Nc3 Nc6 6. Ndb5 Bb4 7. a3 Bxc3+ 8. Nxc3 d5 9. exd5 exd5 10. Bf4 0-0 11. Be2 d4 12. Nb5 Nd5 13. Bg3 Qb6 14. 0-0 a6 15. c4 dxc3 16. Nxc3 Nxc3 17. bxc3 Qb2 18. Qd3 Rd8 19. Qf3 Bf5 20. Bc4 Qc2 21. Rfe1 Bg6 22. Bd5 Qd3 23. Bxc6 bxc6 24. Qxc6 Rdc8 25. Bc7 Qb5 26. Qf3 h6 27. Be5 Re8 28. h4 Rad8 29. Bd4 h5 30. Qg3 Qd3 31. Qc7 Qd2 32. Re5 Kh7 33. Rg5 Qd3 34. Rg3 Qf5 35. a4 Qd7 36. Qa5 Qc6 37. Rg5 Rd7 38. f4 Kg8 39. Rf1 f5 40. Rf3 Re1+ 41. Kh2 Re6 42. Rfg3 Kh7 43. Qb4 Qd6 44. Qb3 Qd5 45. Qa3 Qd6 46. Qc1 Qd5 47. Qb2 Qd6 48. Be5 Qb6 49. Qc2 Qc6 50. c4 Kg8 51. c5 Kh7 52. Qb3 Rb7 53. Qc4 a5 54. Rb3 Rxb3 55. Qxb3 Re7 56. Qb5 Qxb5 57. axb5 Rb7 58. b6 a4 59. Bd4 a3 60. c6 Rb8 61. c7 Rxb6 62. Bxb6 1-0

[Event "BLR-ch U20 Girls"]
[Site "Rogachev"]
[Date "2018.04.26"]
[Round "3"]
[White "Prakapuk, Vera"]
[Black "Malatsilava, Volha"]
[Result "0-1"]
[WhiteElo "1976"]
[BlackElo "2026"]
[PlyCount "78"]
[EventDate "2018.04.24"]
[EventType "tourn"]
[EventRounds "9"]
[EventCountry "BLR"]
[SourceTitle "CBM 184 Extra"]
[Source "ChessBase"]
[SourceDate "2018.06.28"]
[SourceVersion "1"]
[SourceVersionDate "2018.06.28"]
[SourceQuality "1"]

1. e4 c5 2. Nf3 e6 3. d4 cxd4 4. Nxd4 Nc6 5. Nc3 Qc7 6. Be3 Nf6 7. a3 a6 8. f4 d6 9. Qf3 Be7 10. 0-0-0 0-0 11. e5 dxe5 12. Nxc6 bxc6 13. fxe5 Nd5 14. Bf4 Rb8 15. Bc4 a5 16. h4 Qb7 17. Bb3 Nxf4 18. Qxf4 f6 19. Na4 Qc7 20. Qg4 f5 21. Qe2 Rb5 22. Rde1 Kh8 23. Bc4 Rb8 24. Rh3 Bd7 25. Rd1 Rbd8 26. Qe3 c5 27. Nc3 Qb7 28. Qe2 a4 29. Rhd3 h6 30. g3 f4 31. gxf4 Bxh4 32. Qe3 Rxf4 33. Bxe6 Rd4 34. Qh3 Bg5+ 35. Kb1 Rb8 36. b3 axb3 37. cxb3 Rxd3 38. Rxd3 c4 39. b4 Bxe6 0-1

[Event "BLR-ch U20 Girls"]
[Site "Rogachev"]
[Date "2018.04.24"]
[Round "1"]
[White "Ilyuchyk, Yana"]
[Black "Malatsilava, Volha"]
[Result "0-1"]
[WhiteElo "2098"]
[BlackElo "2026"]
[PlyCount "87"]
[EventDate "2018.04.24"]
[EventType "tourn"]
[EventRounds "9"]
[EventCountry "BLR"]
[SourceTitle "CBM 184 Extra"]
[Source "ChessBase"]
[SourceDate "2018.06.28"]
[SourceVersion "1"]
[SourceVersionDate "2018.06.28"]
[SourceQuality "1"]

1. e4 e5 2. Nf3 d6 3. d4 Nd7 4. Nc3 c6 5. a4 Be7 6. Bc4 Ngf6 7. 0-0 0-0 8. Ba2 a6 9. a5 b6 10. axb6 Qxb6 11. dxe5 dxe5 12. Qe2 Qc7 13. Ng5 Nb6 14. Be3 Bg4 15. f3 Bh5 16. Bb3 a5 17. Na4 Nfd7 18. Nh3 Kh8 19. g4 Bg6 20. Nf2 Nxa4 21. Bxa4 Nc5 22. Qc4 Nxa4 23. Rxa4 c5 24. Rfa1 h5 25. h3 Rfb8 26. Nd3 f6 27. Bd2 Be8 28. Rxa5 Rxa5 29. Rxa5 Rc8 30. b4 Bd6 31. Nxc5 Bf7 32. Qb5 Bxc5+ 33. Qxc5 Qd8 34. Qe3 Rxc2 35. Be1 Qd1 36. Rc5 Bc4 37. Rc8+ Kh7 38. Rxc4 Rxc4 39. b5 Qb1 40. b6 Rc6 41. Kg2 Rxb6 42. Bf2 Rb2 43. g5 h4 44. gxf6 0-1

[Event "BLR-ch (Women) 62nd"]
[Site "Minsk"]
[Date "2018.01.26"]
[Round "9"]
[White "Badelka, Olga"]
[Black "Malatsilava, Volha"]
[Result "1-0"]
[WhiteElo "2399"]
[BlackElo "2043"]
[PlyCount "83"]
[EventDate "2018.01.18"]
[EventType "tourn"]
[EventRounds "11"]
[EventCountry "BLR"]
[SourceTitle "CBM 182 Extra"]
[Source "ChessBase"]
[SourceDate "2018.02.23"]
[SourceVersion "1"]
[SourceVersionDate "2018.02.23"]
[SourceQuality "1"]

1. d4 Nf6 2. c4 d6 3. Nf3 g6 4. Nc3 Bf5 5. Bf4 Bg7 6. e3 Ne4 7. Nxe4 Bxe4 8. Be2 0-0 9. 0-0 Qe8 10. Nd2 Bc6 11. d5 Ba4 12. b3 Bd7 13. Rb1 c5 14. Bg3 a5 15. e4 Na6 16. a3 f5 17. f4 e5 18. dxe6 Qxe6 19. Bf3 Bc6 20. Qc2 fxe4 21. Nxe4 Rae8 22. Rbe1 Qf5 23. Qb1 Qd7 24. Qd1 d5 25. cxd5 Bb5 26. Bg4 Qd8 27. Be6+ Kh8 28. Rf3 h6 29. f5 gxf5 30. Nd6 Nc7 31. Nxe8 Bxe8 32. Bxc7 Qxc7 33. Rxf5 Rxf5 34. Bxf5 Bd4+ 35. Kh1 Bf7 36. Be6 Bg6 37. Qg4 Bh7 38. Bf5 Bg8 39. Be6 Bh7 40. Rf1 Bg7 41. Qh5 Bd3 42. Qe8+ 1-0

[Event "BLR-chT"]
[Site "Minsk"]
[Date "2017.05.13"]
[Round "6.2"]
[White "Malatsilava, Volha"]
[Black "Aleksandrov, Aleksej"]
[Result "0-1"]
[WhiteElo "1995"]
[BlackElo "2559"]
[PlyCount "44"]
[EventDate "2017.05.08"]
[EventType "team-swiss"]
[EventRounds "7"]
[EventCountry "BLR"]
[SourceTitle "CBM 178 Extra"]
[Source "ChessBase"]
[SourceDate "2017.06.22"]
[SourceVersion "1"]
[SourceVersionDate "2017.06.22"]
[SourceQuality "1"]
[WhiteTeam "Vendetta"]
[BlackTeam "Vector"]
[WhiteTeamCountry "BLR"]
[BlackTeamCountry "BLR"]

1. e4 e5 2. Nf3 Nc6 3. d4 exd4 4. Bc4 Bc5 5. c3 Nf6 6. e5 d5 7. Bb5 Ne4 8. cxd4 Bb6 9. 0-0 0-0 10. h3 Ne7 11. b4 Ng6 12. a4 c6 13. Bd3 f6 14. Nbd2 Bf5 15. Qb3 Kh8 16. Bb2 fxe5 17. dxe5 Nf4 18. Bb1 Nxd2 19. Nxd2 Qg5 20. g4 Bxg4 21. Kh2 Bxh3 22. Rg1 Bg2 0-1

[Event "BLR-chT"]
[Site "Minsk"]
[Date "2017.05.12"]
[Round "5.1"]
[White "Zhigalko, Andrey"]
[Black "Malatsilava, Volha"]
[Result "1-0"]
[WhiteElo "2566"]
[BlackElo "1995"]
[PlyCount "77"]
[EventDate "2017.05.08"]
[EventType "team-swiss"]
[EventRounds "7"]
[EventCountry "BLR"]
[SourceTitle "CBM 178 Extra"]
[Source "ChessBase"]
[SourceDate "2017.06.22"]
[SourceVersion "1"]
[SourceVersionDate "2017.06.22"]
[SourceQuality "1"]
[WhiteTeam "Minsk Grand"]
[BlackTeam "Vendetta"]
[WhiteTeamCountry "BLR"]
[BlackTeamCountry "BLR"]

1. d4 Nf6 2. Nf3 g6 3. c4 d6 4. Nc3 Nbd7 5. Bf4 Bg7 6. h3 0-0 7. e3 c6 8. Be2 Qe8 9. 0-0 e5 10. Bh2 Qe7 11. Qc2 Ne8 12. b4 f5 13. Rab1 Kh8 14. Rfe1 g5 15. dxe5 Nxe5 16. Rbd1 Be6 17. b5 Nxf3+ 18. Bxf3 Rc8 19. bxc6 bxc6 20. Ne2 Qf7 21. Nd4 Bxc4 22. Nxf5 Bxa2 23. Nxg7 Nxg7 24. Rxd6 Bd5 25. Rh6 Nf5 26. Be5+ Kg8 27. Rf6 Qd7 28. e4 Rxf6 29. Bxf6 Qe6 30. Bc3 Bb3 31. Qd2 Nh6 32. Qxg5+ Qg6 33. Qe5 Nf7 34. Qe7 Be6 35. Bh5 Qxh5 36. Qxe6 Rf8 37. Re3 Qd1+ 38. Kh2 Qd6+ 39. Rg3+ 1-0

[Event "BLR-ch U20 Girls"]
[Site "Minsk"]
[Date "2016.04.06"]
[Round "5"]
[White "Badelka, Olga"]
[Black "Malatsilava, Volha"]
[Result "1-0"]
[WhiteElo "1972"]
[BlackElo "2083"]
[PlyCount "79"]
[EventDate "2016.04.02"]
[EventType "tourn"]
[EventRounds "7"]
[EventCountry "BLR"]
[SourceTitle "CBM 171 Extra"]
[Source "ChessBase"]
[SourceDate "2016.04.26"]
[SourceVersion "1"]
[SourceVersionDate "2016.04.26"]
[SourceQuality "1"]

1. d4 Nf6 2. c4 d6 3. Nc3 Nbd7 4. Nf3 g6 5. Bf4 Bg7 6. e3 c6 7. Be2 0-0 8. h3 a5 9. 0-0 Re8 10. Bh2 h6 11. a3 b6 12. Qc2 Qc7 13. b4 Qd8 14. Rad1 Bb7 15. e4 axb4 16. axb4 Nh7 17. e5 Ndf8 18. d5 c5 19. bxc5 bxc5 20. Nb5 Ba6 21. Bd3 Bxb5 22. cxb5 Ng5 23. Nxg5 hxg5 24. e6 f5 25. g4 Qb6 26. gxf5 gxf5 27. Kh1 c4 28. Bxf5 Qxb5 29. Rg1 Bf6 30. Bf4 Kh8 31. Bxg5 Qb2 32. Qxb2 Bxb2 33. Rg4 c3 34. Bf6+ exf6 35. Rh4+ Kg7 36. Rg1+ Ng6 37. Rxg6+ Kf8 38. Rh8+ Ke7 39. Rg7+ Kd8 40. Rd7+ 1-0

[Event "BLR-ch U20 Girls"]
[Site "Minsk"]
[Date "2016.04.03"]
[Round "2"]
[White "Malatsilava, Volha"]
[Black "Prakapuk, Vera"]
[Result "1-0"]
[WhiteElo "2083"]
[BlackElo "1977"]
[PlyCount "45"]
[EventDate "2016.04.02"]
[EventType "tourn"]
[EventRounds "7"]
[EventCountry "BLR"]
[SourceTitle "CBM 171 Extra"]
[Source "ChessBase"]
[SourceDate "2016.04.26"]
[SourceVersion "1"]
[SourceVersionDate "2016.04.26"]
[SourceQuality "1"]

1. e4 c6 2. d4 d5 3. e5 c5 4. dxc5 Nc6 5. a3 e6 6. Nf3 Bxc5 7. b4 Bb6 8. Bb2 Nge7 9. Bd3 Ng6 10. 0-0 0-0 11. Re1 a6 12. Nbd2 Bc7 13. g3 b5 14. h4 Re8 15. Ng5 Nf8 16. Qh5 g6 17. Qh6 Qd7 18. Ndf3 Bb7 19. Nh2 Bxe5 20. Rxe5 Nxe5 21. Ng4 Qe7 22. Bxe5 f5 23. Nf6+ 1-0

[Event "EU-ch U18 Girls 25th"]
[Site "Porec"]
[Date "2015.09.27"]
[Round "6"]
[White "Kiolbasa, Oliwia"]
[Black "Malatsilava, Volha"]
[Result "1-0"]
[WhiteElo "2182"]
[BlackElo "2024"]
[PlyCount "59"]
[EventDate "2015.09.21"]
[EventType "swiss"]
[EventRounds "9"]
[EventCountry "CRO"]
[SourceTitle "EXT 2016"]
[Source "ChessBase"]
[SourceDate "2015.10.08"]
[SourceVersion "1"]
[SourceVersionDate "2015.10.08"]
[SourceQuality "1"]

1. e4 c5 2. Nf3 e6 3. d4 cxd4 4. Nxd4 a6 5. Be2 Nf6 6. Nc3 Qc7 7. 0-0 Nc6 8. Be3 Bb4 9. Na4 Bd6 10. g3 b5 11. Nb6 Rb8 12. Nxc8 Rxc8 13. c4 b4 14. c5 Bxc5 15. Nxe6 dxe6 16. Bxc5 Qa5 17. Rc1 Nxe4 18. Be3 0-0 19. Qd3 Qe5 20. Rfd1 Rcd8 21. Qc4 Rxd1+ 22. Rxd1 Qxb2 23. Bf1 Nc3 24. Rd2 Qb1 25. Qxc6 Nxa2 26. Bc5 Qc1 27. Qd6 Re8 28. Qe7 h6 29. Qxe8+ Kh7 30. Rd7 1-0

[Event "EU-ch U16 Girls 24th"]
[Site "Batumi"]
[Date "2014.10.24"]
[Round "6"]
[White "Malatsilava, Volha"]
[Black "Varney, Zoe"]
[Result "1-0"]
[WhiteElo "1988"]
[BlackElo "1741"]
[PlyCount "45"]
[EventDate "2014.10.19"]
[EventType "swiss"]
[EventRounds "9"]
[EventCountry "GEO"]
[SourceTitle "EXT 2015"]
[Source "ChessBase"]
[SourceDate "2014.11.20"]
[SourceVersion "1"]
[SourceVersionDate "2014.11.20"]
[SourceQuality "1"]

1. e4 e5 2. Nc3 Nc6 3. g3 Nf6 4. Bg2 Bc5 5. Nge2 Ng4 6. 0-0 Qf6 7. Qe1 Nb4 8. Nd5 Qh6 9. h3 Nxc2 10. d4 Qc6 11. Qd1 Nxa1 12. dxc5 Qxc5 13. Nec3 Nf6 14. Nxf6+ gxf6 15. Be3 Qe7 16. Nd5 Qd8 17. Qf3 f5 18. Qxf5 d6 19. Qh5 h6 20. h4 c6 21. Bg5 hxg5 22. Qxh8+ Kd7 23. Bh3+ 1-0

[Event "EU-ch U16 Girls 24th"]
[Site "Batumi"]
[Date "2014.10.23"]
[Round "5"]
[White "Firidunlu, Lala Kazim Qizi"]
[Black "Malatsilava, Volha"]
[Result "1-0"]
[WhiteElo "1791"]
[BlackElo "1988"]
[PlyCount "45"]
[EventDate "2014.10.19"]
[EventType "swiss"]
[EventRounds "9"]
[EventCountry "GEO"]
[SourceTitle "EXT 2015"]
[Source "ChessBase"]
[SourceDate "2014.11.20"]
[SourceVersion "1"]
[SourceVersionDate "2014.11.20"]
[SourceQuality "1"]

1. d4 Nf6 2. c4 d6 3. Nc3 Nbd7 4. e4 e5 5. d5 a5 6. Nf3 g6 7. Be2 Bg7 8. 0-0 0-0 9. Ne1 Nc5 10. Qc2 Qe7 11. Be3 b6 12. a3 Ng4 13. Bxg4 Bxg4 14. Rb1 f5 15. f3 Bh5 16. b4 axb4 17. axb4 Nd7 18. Nb5 Nf6 19. h3 f4 20. Bf2 g5 21. c5 Qd7 22. c6 Qe7 23. Nd3 1-0

[Event "EU-ch U16 Girls 24th"]
[Site "Batumi"]
[Date "2014.10.21"]
[Round "3"]
[White "Malatsilava, Volha"]
[Black "Drogovoz, Irina"]
[Result "0-1"]
[WhiteElo "1988"]
[BlackElo "2313"]
[PlyCount "102"]
[EventDate "2014.10.19"]
[EventType "swiss"]
[EventRounds "9"]
[EventCountry "GEO"]
[SourceTitle "EXT 2015"]
[Source "ChessBase"]
[SourceDate "2014.11.20"]
[SourceVersion "1"]
[SourceVersionDate "2014.11.20"]
[SourceQuality "1"]

1. c4 Nf6 2. Nf3 g6 3. b4 Bg7 4. Bb2 0-0 5. e3 c5 6. bxc5 Qa5 7. Qb3 Na6 8. Bc3 Qxc5 9. d4 Qf5 10. Nbd2 b6 11. Bb2 d6 12. Bd3 Qd7 13. 0-0 Bb7 14. a4 Rab8 15. Bc3 Rfe8 16. Qc2 Rec8 17. Rfb1 Nc7 18. a5 b5 19. e4 bxc4 20. Nxc4 d5 21. Nce5 Qe8 22. a6 Ba8 23. Rxb8 Rxb8 24. Ba5 Ne6 25. exd5 Nxd5 26. Re1 Nb4 27. Bxb4 Rxb4 28. Qd2 Rb6 29. Bc4 Bxf3 30. Nxf3 Qa4 31. Rc1 Rc6 32. Bxe6 fxe6 33. Re1 Qxa6 34. Qf4 Bf6 35. h4 Qa5 36. Rb1 Qc7 37. Qh6 a5 38. g3 Rc3 39. Ng5 Rc1+ 40. Rxc1 Qxc1+ 41. Kg2 Bxg5 42. hxg5 a4 43. Qh3 Qc6+ 44. Kh2 a3 45. Qf1 a2 46. Qe1 Kf7 47. Qd1 Qc3 48. Qg4 a1Q 49. Qf4+ Ke8 50. Qb8+ Kd7 51. d5 Qa6 0-1

[Event "EU-ch U16 Girls 24th"]
[Site "Batumi"]
[Date "2014.10.20"]
[Round "2"]
[White "Lahav, Michal"]
[Black "Malatsilava, Volha"]
[Result "0-1"]
[WhiteElo "1824"]
[BlackElo "1988"]
[PlyCount "102"]
[EventDate "2014.10.19"]
[EventType "swiss"]
[EventRounds "9"]
[EventCountry "GEO"]
[SourceTitle "EXT 2015"]
[Source "ChessBase"]
[SourceDate "2014.11.20"]
[SourceVersion "1"]
[SourceVersionDate "2014.11.20"]
[SourceQuality "1"]

1. e4 c5 2. Nf3 e6 3. c3 Nf6 4. Bd3 d6 5. Bc2 g6 6. 0-0 Bg7 7. Re1 0-0 8. d3 Qc7 9. Nbd2 b5 10. a3 Bb7 11. Nf1 Nc6 12. Bd2 a5 13. Qc1 Rfc8 14. Bh6 Bh8 15. h3 b4 16. Ba4 bxc3 17. bxc3 Nd7 18. Qd2 Ba6 19. Rab1 Rab8 20. Bc2 Rxb1 21. Rxb1 Rb8 22. Ne3 Rb6 23. Ng4 Nde5 24. Nfxe5 Nxe5 25. Nxe5 Bxe5 26. f4 Bh8 27. f5 exf5 28. exf5 Rxb1+ 29. Bxb1 Qe7 30. d4 cxd4 31. cxd4 Qb7 32. Ba2 Qe4 33. Be3 Qxf5 34. Kh1 Bb7 35. Kh2 Bf6 36. Qb2 Qe4 37. Qf2 Kg7 38. Bb3 h5 39. Ba2 a4 40. Bc4 Bc6 41. Be2 Qc2 42. Qf1 Qb2 43. Qf2 Bb5 44. g4 h4 45. Bd1 Qxf2+ 46. Bxf2 Bc4 47. Bf3 Bg5 48. Be1 d5 49. Bb4 Be3 50. Bc5 Kf6 51. Kg2 Ke6 0-1

[Event "BLR-ch U20 Girls"]
[Site "Minsk"]
[Date "2014.05.21"]
[Round "10"]
[White "Kusenkova, Natallia"]
[Black "Malatsilava, Volha"]
[Result "0-1"]
[WhiteElo "1980"]
[BlackElo "1972"]
[PlyCount "82"]
[EventDate "2014.05.12"]
[EventType "tourn"]
[EventRounds "10"]
[EventCountry "BLR"]
[SourceTitle "CBM 160 Extra"]
[Source "ChessBase"]
[SourceDate "2014.07.01"]
[SourceVersion "1"]
[SourceVersionDate "2014.07.01"]
[SourceQuality "1"]

1. d4 Nf6 2. Nf3 g6 3. c4 Bg7 4. Nc3 d6 5. Bg5 h6 6. Bh4 g5 7. Bg3 Nh5 8. e3 Nxg3 9. hxg3 Nd7 10. Qc2 Nf6 11. 0-0-0 c6 12. e4 Qa5 13. Nd2 Bd7 14. c5 dxc5 15. Nb3 Qc7 16. Nxc5 0-0-0 17. Qa4 Qb6 18. Qc4 Rhf8 19. Be2 Kb8 20. Rd3 Bc8 21. N3a4 Qc7 22. Rb3 b5 23. Qd3 Ka8 24. Nc3 Nd7 25. Nxd7 Rxd7 26. d5 cxd5 27. exd5 a6 28. Kb1 Bb7 29. a4 b4 30. Rxb4 Bxc3 31. Qxc3 Qd6 32. Bf3 f5 33. g4 fxg4 34. Bxg4 Rc7 35. Qd4 Rf4 36. Qh8+ Ka7 37. Rxf4 Qxf4 38. Bf3 Bc8 39. b3 Bf5+ 40. Kb2 Rc2+ 41. Ka3 a5 0-1

[Event "BLR-ch U20 Girls"]
[Site "Minsk"]
[Date "2014.05.16"]
[Round "5"]
[White "Malatsilava, Volha"]
[Black "Kusenkova, Natallia"]
[Result "0-1"]
[WhiteElo "1972"]
[BlackElo "1980"]
[PlyCount "93"]
[EventDate "2014.05.12"]
[EventType "tourn"]
[EventRounds "10"]
[EventCountry "BLR"]
[SourceTitle "CBM 160 Extra"]
[Source "ChessBase"]
[SourceDate "2014.07.01"]
[SourceVersion "1"]
[SourceVersionDate "2014.07.01"]
[SourceQuality "1"]

1. e4 e5 2. d4 exd4 3. Nf3 Nc6 4. Bc4 Nf6 5. e5 d5 6. Bb5 Ne4 7. Nxd4 Bd7 8. Bxc6 bxc6 9. 0-0 Bc5 10. f3 Ng5 11. f4 Ne4 12. Be3 0-0 13. Nd2 f5 14. a4 a5 15. Kh1 Bb6 16. c3 Qe7 17. Nxe4 fxe4 18. Nc2 Rad8 19. Qd2 Bxe3 20. Nxe3 Bc8 21. Rf2 Ba6 22. g4 g6 23. Nc2 c5 24. Qe3 Rb8 25. Rd1 Rfd8 26. Ne1 Bc4 27. Kg1 Bb3 28. Ra1 Bc4 29. h3 Ba6 30. Rd1 Bb7 31. Rfd2 Bc6 32. Ra1 Rb3 33. Qf2 d4 34. Qe2 Qf7 35. Ng2 Rbb8 36. f5 gxf5 37. Rf1 e3 38. Rdd1 Qd5 39. Rd3 Qxg2+ 40. Qxg2 Bxg2 41. Kxg2 Rxb2+ 42. Kg1 fxg4 43. hxg4 Rc2 44. cxd4 cxd4 45. Rfd1 e2 46. Re1 c5 47. e6 0-1

[Event "BLR-ch U20 Girls"]
[Site "Minsk"]
[Date "2014.05.15"]
[Round "4"]
[White "Kaliadzich, Maryia"]
[Black "Malatsilava, Volha"]
[Result "1/2-1/2"]
[WhiteElo "2005"]
[BlackElo "1972"]
[PlyCount "90"]
[EventDate "2014.05.12"]
[EventType "tourn"]
[EventRounds "10"]
[EventCountry "BLR"]
[SourceTitle "CBM 160 Extra"]
[Source "ChessBase"]
[SourceDate "2014.07.01"]
[SourceVersion "1"]
[SourceVersionDate "2014.07.01"]
[SourceQuality "1"]

1. d4 Nf6 2. c4 d6 3. Nc3 Nbd7 4. Nf3 g6 5. Bf4 Nh5 6. Be3 Bg7 7. g3 0-0 8. Bg2 c6 9. 0-0 e5 10. dxe5 Nxe5 11. Nxe5 dxe5 12. Bc5 Qxd1 13. Raxd1 Re8 14. Ne4 Be6 15. Nd6 Reb8 16. b3 Bf8 17. Rd2 Bxd6 18. Rxd6 Rd8 19. Rfd1 Rxd6 20. Rxd6 Ng7 21. Rd2 f6 22. Kf1 Kf7 23. Ke1 g5 24. Kd1 Nf5 25. Kc2 Rc8 26. e4 Ng7 27. Bxa7 Ra8 28. Be3 Rxa2+ 29. Kc3 Ra8 30. Kb4 Bc8 31. f4 gxf4 32. gxf4 exf4 33. Bxf4 Ne6 34. Be3 Ra1 35. Rf2 Ke7 36. Kc3 c5 37. Bh3 b6 38. Bf5 h5 39. Rf3 Bb7 40. Rh3 Ng7 41. Bg6 Re1 42. Bh6 Ne6 43. Bd2 Rg1 44. Rg3 Rh1 45. Rh3 Rg1 1/2-1/2

[Event "BLR-ch (Women) 58th"]
[Site "Minsk"]
[Date "2014.01.13"]
[Round "4"]
[White "Malatsilava, Volha"]
[Black "Beinenson, Katsiaryna"]
[Result "1/2-1/2"]
[WhiteElo "1939"]
[BlackElo "1990"]
[PlyCount "99"]
[EventDate "2014.01.10"]
[EventType "tourn"]
[EventRounds "9"]
[EventCountry "BLR"]
[SourceTitle "CBM 158 Extra"]
[Source "ChessBase"]
[SourceDate "2014.02.28"]
[SourceVersion "1"]
[SourceVersionDate "2014.02.28"]
[SourceQuality "1"]

1. e4 c5 2. Nf3 Nc6 3. Bb5 g6 4. 0-0 Bg7 5. c3 Nf6 6. Re1 0-0 7. h3 e5 8. d4 exd4 9. cxd4 cxd4 10. e5 Nd5 11. Bg5 Qc7 12. Na3 a6 13. Bc4 Nb6 14. Rc1 d6 15. Bf4 dxe5 16. Bg3 Nxc4 17. Nxc4 f6 18. Nxd4 Rd8 19. Qb3 Nxd4 20. Nb6+ Nxb3 21. Rxc7 Rb8 22. axb3 Bh6 23. Re4 g5 24. Re1 Be6 25. h4 Rd6 26. Nc4 Rd3 27. hxg5 Bxg5 28. b4 Rb3 29. Nxe5 fxe5 30. Rxe5 Bd8 31. Rcc5 Rxg3 32. fxg3 Bf7 33. Kh2 Bf6 34. Re2 Rd8 35. Rc7 b5 36. Rc6 Bd4 37. Rxa6 Rd5 38. g4 Be5+ 39. g3 Bd6 40. Ra8+ Kg7 41. Ra3 Bxb4 42. Ra7 Bc5 43. Rb7 b4 44. Kh3 Kg6 45. Rb5 b3 46. Rxb3 Kf6 47. Rf3+ Kg6 48. Rc3 Kf6 49. Rf3+ Kg6 50. Rc3 1/2-1/2